Cities in Central Europe with a trolleybus network - Statistics

General Stats
  • This quiz has been taken 60 times
  • The average score is 26 of 41
Answer Stats
Region and country Since City % Correct
Bratislava Region, SK 1941 Bratislava
94%
Prague, CZ 2017 Prague
94%
Canton of Bern, CH 1940 Bern
92%
Budapest, HU 1949 Budapest
90%
Canton of Zürich, CH 1939 Zürich
88%
Salzburg, AT 1940 Salzburg
85%
South Moravian Region, CZ 1949 Brno
83%
Lublin Voivodeship, PL 1953 Lublin
83%
Canton of Lucerne, CH 1941 Lucerne
81%
Canton of Geneva, CH 1942 Geneva
79%
Prešov Region, SK 1962 Prešov
79%
Ústí nad Labem Region, CZ 1988 Ústí nad Labem
79%
Zlín Region, CZ 1944 Zlín-Otrokovice
79%
Banská Bystrica Region, SK 1989 Banská Bystrica
77%
Pilsen Region, CZ 1941 Pilsen
77%
Canton of Sankt Gallen, CH 1950 Sankt Gallen
75%
Žilina Region, SK 1994 Žilina
75%
Moravian-Silesian Region, CZ 1952 Ostrava
73%
Hradec Králové Region, CZ 1949 Hradec Králové
71%
Pardubice Region, CZ 1952 Pardubice
71%
Canton of Fribourg, CH 1949 Fribourg
67%
Canton of Neuchâtel, CH 1940 Neuchâtel
67%
Canton of Schaffhausen, CH 1966 Schaffhausen
65%
Upper Austria, AT 1944 Linz
63%
South Bohemian Region, CZ 1991 České Budějovice
60%
Hajdú-Bihar County, HU 1985 Debrecen
60%
Vysočina Region, CZ 1948 Jihlava
56%
Moravian-Silesian Region, CZ 1952 Opava
54%
Pomeranian Voivodeship, PL 1943 Gdynia-Sopot
50%
Vaud, CH 1932 Lausanne
50%
Csongrád-Csanád County, HU 1979 Szeged
50%
Ústí nad Labem Region, CZ 1995 Chomutov-Jirkov
44%
North Rhine-Westphalia, DE 1952 Solingen
42%
Karlovy Vary Region, CZ 1952 Mariánské Lázně
40%
Ústí nad Labem Region, CZ 1952 Teplice
40%
Silesian Voivodeship, PL 1982 Tychy
40%
Baden-Württemberg, DE 1944 Esslingen am Neckar
38%
Canton of Zürich, CH 1938 Winterthur
38%
Canton of Bern, CH 1940 Biel / Bienne
35%
Brandeburg, DE 1940 Eberswalde
27%
Vaud, CH 1957 Vevey-Montreux-Villeneuve
27%
No matching quizzes found
Score Distribution
Percent of People with Each Score
Percentile by Number Answered
Your Score History
You have not taken this quiz